1102 1869 1180 1166 1138 1338 1022 1687 1346 1921 1601 1834 1565 1322 1478 1648 1964 1893 1817 1217 1256 1858 1797 1217 1965 1205 1087 1939 1989 1359 1803 1047 1524 1911 1999 1296 1683 1533 1700 1622 1889 1229 1865 1629 1428 1321 1995 1998 1309 1860 1035 1562 1311 1198 1847 1674 1647 1711 1070 1366 1327 1729 1056 1841 1635 1673 1857 1389 1330 1177 1408 1912 1755 1568 1963 1324 1621 1612 1780 1042 1153 1084 1950 1176 1061 1456 1206 1525 1991 1787 1026 1242 1163 1325 1307 1357 1081 1469 1915 BCNSPRNW ULIB Ver.6.0+V

เปลี่ยนเป็นภาษาไทย

Change to English
 แสดงรายละเอียดบรรณานุกรม
  กลับหน้าหลัก

Brief Record : Get Marc (ISO 2709) : E-mail record : QR code < ปิดหน้าต่าง
LEADER : 00000nam a2200000Ia 4500
001    13399121110
003     ULIB
008    120827s2555 th a 000 0 tha d
020    ^a9789740329534
060 04 ^aWA30^bอ176ก
100 0  ^aอนามัย (ธีรวิโรจน์) เทศกะทึก
245 10 ^aการประเมินผลกระทบต่อสุขภาพ^b(Health impact assessment: HIA) /^cอนามัย (ธีรวิโรจน์) เทศกะทึก
246 31 ^aHealth impact assessment:^bHIA
246 31 ^aHIA
250    ^aพิมพ์ครั้งที่ 1
260    ^aกรุงเทพฯ :^bสำนักพิมพ์แห่งจุฬาลงกรณ์มหาวิทยาลัย,^c2555
300    ^a[15], 236, [3] หน้า :^bภาพประกอบ ;^c26 ซม.
500    ^aบรรณานุกรมท้ายบท
650  4 ^aสุขภาพ^xผลกระทบจากสิ่งแวดล้อม
650  4 ^aการประเมินผลกระทบ
650  4 ^aสิ่งแวดล้อม^xผลกระทบต่อสุขภาพ
945    ^p190^l0^i032923
945    ^p190^l0^i032924
945    ^p190^l0^i032925
995    เกษร
999    ^aใช้งานได้ทุกระบบ
รายการนี้ยังไม่มีแท็ก
คุณยังไม่ได้ล็อกอิน คุณสามารถมีกิจกรรมร่วมกับเว็บไซต์ได้ แต่ต้องล็อกอินก่อน ::
  ล็อกอิน

รายการสื่อสารสนเทศ

ลำดับที่ ประเภท เลขเรียก/บาร์โค้ด สถานที่ สถานะ
1. วิทยาศาสตร์การแพทย์ และสุขภาพ
หนังสือสำรอง
สถานะ=หนังสือสำรอง
WA30 อ176ก ฉ.1 
  Barcode: 032923
ห้องสมุดวิทยาเขตสวรรค์ประชารักษ์
►ส่วนจัดเก็บหนังสือเก่า สปร
บนชั้น
  ขอยืม
2. วิทยาศาสตร์การแพทย์ และสุขภาพ
วิทยาศาสตร์การแพทย์ และสุขภาพ
WA30 อ176ก ฉ.2 
  Barcode: 032924
ห้องสมุดวิทยาเขตสวรรค์ประชารักษ์
►ส่วนจัดเก็บหนังสือเก่า สปร
บนชั้น
  ขอยืม
3. วิทยาศาสตร์การแพทย์ และสุขภาพ
วิทยาศาสตร์การแพทย์ และสุขภาพ
WA30 อ176ก ฉ.3 
  Barcode: 032925
ห้องสมุดวิทยาเขตสวรรค์ประชารักษ์
►ส่วนจัดเก็บหนังสือเก่า สปร
บนชั้น
  ขอยืม

รายการใกล้เคียง
    ผู้แต่ง [อนามัย (ธีรวิโรจน์) เทศกะทึก]

    หัวเรื่อง [การประเมินผลกระทบ]

BibComment


ยังไม่เคยถูกคอมเมนท์

คอมเมนท์ทรัพยากรรายการนี้
  คอมเมนท์: การประเมินผลกระท..


 Copyright 2026. Bcnsprnw @Library